[Event "Africa-ch U18"]
[Site "Windhoek"]
[Date "2019.12.21"]
[Round "9.5"]
[White "Du Plessis, Jan"]
[Black "Filipe, Marcio"]
[Result "0-1"]
[WhiteElo "1676"]
[BlackElo "2048"]
[PlyCount "65"]
[EventDate "2019.12.16"]
[EventType "swiss"]
[EventRounds "9"]
[EventCountry "NAM"]
[SourceTitle "EXT 2024"]
[Source "ChessBase"]
[SourceDate "2023.10.10"]
[SourceVersion "1"]
[SourceVersionDate "2023.10.10"]
[SourceQuality "1"]

1. e4 e5 2. Nf3 Nc6 3. Bc4 Nf6 4. Ng5 d5 5. exd5 Na5 6. Bb5+ c6 7. dxc6 bxc6 8. Bd3 Nd5 9. Nf3 Bd6 10. 0-0 0-0 11. Re1 Qe7 12. Nc3 f5 13. Bf1 Qf6 14. d3 Bd7 15. Bg5 Qg6 16. Bd2 Nf4 17. Bxf4 exf4 18. Ne5 Bxe5 19. Rxe5 Nb7 20. Qf3 Qh6 21. d4 Nd6 22. Bd3 Nf7 23. Bc4 Kh8 24. Bxf7 Rxf7 25. Na4 Rg8 26. Nc5 Be8 27. Rae1 Rff8 28. Nd3 Rf6 29. Nxf4 g5 30. Nd3 f4 31. Rxe8 Rxe8 32. Rxe8+ Kg7 33. Qe4 0-1

[Event "Africa-ch U18"]
[Site "Windhoek"]
[Date "2019.12.20"]
[Round "8.6"]
[White "Van der Meer, Anthony"]
[Black "Filipe, Marcio"]
[Result "0-1"]
[WhiteElo "1312"]
[BlackElo "2048"]
[PlyCount "74"]
[EventDate "2019.12.16"]
[EventType "swiss"]
[EventRounds "9"]
[EventCountry "NAM"]
[SourceTitle "EXT 2024"]
[Source "ChessBase"]
[SourceDate "2023.10.10"]
[SourceVersion "1"]
[SourceVersionDate "2023.10.10"]
[SourceQuality "1"]

1. e4 e5 2. Nf3 Nc6 3. d4 exd4 4. Nxd4 Bc5 5. Be3 Qf6 6. c3 Nge7 7. Bc4 d6 8. 0-0 Ne5 9. Be2 h5 10. Nb5 c6 11. Nc7+ Kd7 12. Nxa8 Bxe3 13. fxe3 Qg5 14. Qd2 Rh6 15. Na3 N7g6 16. Nc4 Nxc4 17. Bxc4 Ne5 18. Be2 Ke7 19. Bf3 Bg4 20. Bxg4 hxg4 21. Qf2 Kd7 22. Qf5+ Qxf5 23. Rxf5 Rh8 24. Rd1 f6 25. b3 Rxa8 26. Rh5 Ke6 27. Rh7 Rg8 28. c4 Nf7 29. h4 b6 30. Kf2 Nh6 31. g3 Ke5 32. Rd4 Nf7 33. Ke2 Ke6 34. h5 b5 35. cxb5 cxb5 36. a4 d5 37. Rd2 Rh8 0-1

[Event "Africa-ch U18"]
[Site "Windhoek"]
[Date "2019.12.19"]
[Round "5.4"]
[White "Filipe, Marcio"]
[Black "Mpala, Leeroy"]
[Result "0-1"]
[WhiteElo "2048"]
[BlackElo "1779"]
[PlyCount "86"]
[EventDate "2019.12.16"]
[EventType "swiss"]
[EventRounds "9"]
[EventCountry "NAM"]
[SourceTitle "EXT 2024"]
[Source "ChessBase"]
[SourceDate "2023.10.10"]
[SourceVersion "1"]
[SourceVersionDate "2023.10.10"]
[SourceQuality "1"]

1. e4 c6 2. d4 d5 3. e5 Bf5 4. Bd3 Bxd3 5. Qxd3 e6 6. Nf3 Ne7 7. 0-0 Nd7 8. b3 c5 9. c3 Nc6 10. Na3 a6 11. Nc2 Be7 12. Bb2 0-0 13. Rfe1 Rc8 14. Rad1 b5 15. dxc5 Nxc5 16. Qe2 Qa5 17. Ra1 Ne4 18. Qe3 Bc5 19. Nfd4 Bxd4 20. Nxd4 Nxd4 21. Qxd4 Nxc3 22. Re3 b4 23. Qh4 Qc5 24. g4 Qd4 25. Kg2 f5 26. exf6 Rxf6 27. Qg3 Rcf8 28. Rf1 Rf4 29. h3 e5 30. a3 a5 31. axb4 axb4 32. Kg1 e4 33. Bxc3 bxc3 34. Rxc3 Qd2 35. Rcc1 Rf3 36. Qg2 e3 37. Rcd1 exf2+ 38. Kh2 Qf4+ 39. Kh1 Rg3 40. Qxd5+ Kh8 41. Rd3 Rg1+ 42. Rxg1 fxg1Q+ 43. Kxg1 Qf2+ 0-1